| 000 | 00885nam a2200229 a 4500 | ||
|---|---|---|---|
| 001 | 000046011 | ||
| 005 | 20201002052559.0 | ||
| 008 | 150611s1982 dr a 000 0 spa d | ||
| 040 |
_aDO-SdBNP _bspa _cBNPHU |
||
| 082 |
_axxxx _bxxxx |
||
| 100 | 1 |
_aTorres, R. E. _974087 |
|
| 245 | 1 | 3 |
_aEl ingles con buen humor / _cR. E. Torres ; traductores Ramón Benítes (lingüista), Raphael Adón, Johnny Durán ; ilustración Néstor Féliz. |
| 260 |
_aSanto Domingo : _bAlfa y Omega, _c1982. |
||
| 300 |
_axii, 282 p. : _bil. ; _c21 cm. |
||
| 490 | 1 | _aAmérica : Folklore | |
| 505 | 0 |
_aLos refranes dominicanos de ayer y de hoy -- _tCuentos y chistes criollos -- _tEntre locos -- |
|
| 700 | 1 | 2 |
_aBenítes, Ramón, _etr. _974088 |
| 700 | 1 | 2 |
_aAdón, Raphael, _etr. _974089 |
| 700 | 1 | 2 |
_aDurán, Johnny _etr. _974090 |
| 700 | 1 | 2 |
_aFéliz, Néstor, _eil. _974091 |
| 830 | 0 |
_aAmérica : Folklore _974092 |
|
| 999 |
_c45500 _d45500 |
||